| 000 | 00616nam a22002537a 4500 | ||
|---|---|---|---|
| 003 | UA-OsUOA | ||
| 001 | 22779 | ||
| 007 | ta | ||
| 008 | 20031225b un ||||| |||| 00| 0 ukr d | ||
| 100 | _aЛазарев А. | ||
| 090 |
_a22 _bЛ17 |
||
| 942 | _cBK | ||
| 040 |
_aUA-OsUOA _brus _cUA-OsUOA _dUA-OsUOA |
||
| 245 | _aРасшифрованная Библия или реквием цивилизации | ||
| 300 | _a1064 с. | ||
| 955 | _a0 | ||
| 041 | _arus | ||
| 080 | _a22 | ||
| 020 | _a966-539-324-3 | ||
| 260 |
_aКиев _b"А. С. К." _c2003 |
||
| 044 | _aUA | ||
| 650 | 7 | _2UDC | |
| 999 |
_c309008 _d309008 |
||